Pivot: the only move that matters is your next one (Record no. 53658)

MARC details
000 -LEADER
fixed length control field 00622nam a2200169 a 4500
008 - FIXED-LENGTH DATA ELEMENTS--GENERAL INFORMATION
fixed length control field 190122s2016 ||||||||||||||||| || u
020 ## - INTERNATIONAL STANDARD BOOK NUMBER
International Standard Book Number 9780241975473
050 ## - LIBRARY OF CONGRESS CALL NUMBER
Classification number HF 5381 Bla
100 ## - MAIN ENTRY--PERSONAL NAME
Personal name Blake, Jenny
245 10 - TITLE STATEMENT
Title Pivot: the only move that matters is your next one
Statement of responsibility, etc. by Jenny Blake
260 ## - PUBLICATION, DISTRIBUTION, ETC.
Place of publication, distribution, etc. United Kingdom:
Name of publisher, distributor, etc. PORTFOLIO PENGUIN
Date of publication, distribution, etc. 2016
300 ## - PHYSICAL DESCRIPTION
Extent xvi, 270p.: ill.
350 ## - PRICE (NR) (BK AM CF MU VM SE) [OBSOLETE]
Price 4.65
650 #0 - SUBJECT ADDED ENTRY--TOPICAL TERM
Topical term or geographic name entry element CAREER DEVELOPMENT
650 ## - SUBJECT ADDED ENTRY--TOPICAL TERM
Topical term or geographic name entry element CAREER CHANGES
995 ## - RECOMMENDATION 995 [LOCAL, UNIMARC FRANCE]
-- CBU-MAIN LIBRARY (Kitwe)
-- 4.65
-- 1
-- AVAILABLE
-- Jan 23, 2019
-- Main Library Open Access Collection
Holdings
Withdrawn status Lost status Source of classification or shelving scheme Damaged status Not for loan Home library Current library Shelving location Date acquired Total Checkouts Full call number Barcode Date last seen Price effective from Koha item type
          CBU-MAIN LIBRARY, KITWE. CBU-MAIN LIBRARY, KITWE.   11/30/2022   HF 5381 Bla 748838 11/30/2022 11/30/2022 MONOGRAPH